00724nam a2200241 a 4500001001300000003000900013005001700022008004100039020001000080082001700090100002500107245001700132260005400149300000800203500003500211505004700246650001600293700002500309902000800334942000700342952011800349999001500467nice12345678IN_TiNIC20260116012440.0050524s0000 hyda grp 000 0 urd  ac10000a891.41bHUS3 aHussain, Syed Inayat aAnwar-E-Gham aHyderabad bMarkazi Anjuman Taleemus Salat c0000 a32p aincludes index and biblioraphy2 aFoot notes by Maulana Maulvi Ilahi Bakhsh. aUrdu-Poetry1 aHussain, Syed Inayat bSRS cBK 001040708StackRoom-aHMIbHMId2007-06-19g100.00l0o891.41 HUS3p011765r2007-06-19v100.00w2005-05-24yBK c7075d7075